00910cam a2200229 a 45000010008000000030005000080050017000130080041000300100017000710200018000880400018001060430012001240820013001361000034001492450145001832600048003283000021003766510070003977000020004678560104004878560089005913061471Nust20220829111638.0960626s1995 enka 000 1 eng  a 96164047  a9788178266282 aDLCcDLCdDLC ae-uk-en00a823bDIC1 aDickens, Charles,d1812-1870.10aSketches by Boz /cCharles Dickens ; edited with an introduction and notes by Dennis Walder and original illustrations by George Cruikshank. aLondon ;aNew York :bPenguin Books,c2004. a552 p. :c20 cm. 0aLondon (England)xSocial life and customsy19th centuryxFiction.1 aWalder, Dennis.423Contributor biographical informationuhttp://www.loc.gov/catdir/enhancements/fy1207/96164047-b.html423Publisher descriptionuhttp://www.loc.gov/catdir/enhancements/fy1207/96164047-d.html